| 000 -LEADER |
| fixed length control field |
00501nam a22001817a 4500 |
| 008 - FIXED-LENGTH DATA ELEMENTS--GENERAL INFORMATION |
| fixed length control field |
150722b xxu||||| |||| 00| 0 alb d |
| 041 0# - LANGUAGE CODE |
| Language code of text/sound track or separate title |
alb |
| 080 ## - UNIVERSAL DECIMAL CLASSIFICATION NUMBER |
| Universal Decimal Classification number |
343 |
| 100 ## - Rafti |
| Rafti |
Sabedini, Musa ; |
| 240 ## - UNIFORM TITLE |
| Uniform title |
<a href="Killing of the Justice in Kosova /">Killing of the Justice in Kosova /</a> |
| 245 ## - TITLE STATEMENT |
| Title |
Vrasja e drejtësisë në Kosovë / |
| Statement of responsibility, etc |
Musa Sabedini. |
| 260 ## - |
| -- |
Prishtinë : |
| -- |
KMDLNJ ; |
| -- |
2003. |
| 300 ## - |
| -- |
198 f. : |
| -- |
me il. ; |
| -- |
24 cm. |
| 650 #0 - |
| -- |
Vrasje |
| -- |
Kosova |
| 650 #0 - |
| -- |
Drejtësia |
| 650 #0 - |
| -- |
E drejta penale |
| 942 ## - ADDED ENTRY ELEMENTS (KOHA) |
| Source of classification or shelving scheme |
|
| Item type |
Books |